zpět

Detail výsledku týmu

Pizzerie Lišov, Lišov

Datum a čas kvízu

25 Celkem bodů Celkový počet nahraných bodů na tomto kvízu bez doplňovacích otázek.
7. Pořadí na kvízu Konečné umístění týmu na tomto kvízu.

Zaznamenané odpovědi

# Otázka Odpověď Body Výsledky
1. Jedna kavárna na Šumavě zařadi... o smažený sýr 1
2. Kterým dvěma politikům praskla... Andrej Babiš, Emmanuel Macron 0.5
3. Který hororový snímek získal v... Hříšníci/Sinners 1
4. Společnost Ryanair se dostala... o Elona Muska 0
5. Minulý týden česká média infor... plyšovým aligátorem 0
6. Jak se jmenuje horolezec, jenž... Radek Jaroš 1
7. Jak se trojslovně jmenuje disc... lezení na obtížnost 0
8. Jak se jedním slovem nazývá ho... mačky 1
9. Po půl bodu můžete získat, kdy... El Capitan, Yosemite 0
10. Jak se jmenuje fenomenální slo... B) Janja Garnbret 0